| Tag |
First Indicator |
Second Indicator |
Subfields |
| LEADER |
00000cam a2200000 i 4500 |
| 001 |
in00000009231 |
| 005 |
20151007051515.0 |
| 008 |
790626m1971 xxu f 00010 eng d |
| 035 |
|
|
|a (OCoLC)05109521
|
| 035 |
|
|
|9 AAA3311AM
|
| 040 |
|
|
|a UIU
|c UIU
|d m/c
|d TXA
|d UtOrBLW
|
| 049 |
|
|
|a TXAM
|c [A12546912]
|
| 050 |
|
4 |
|a SB114.A1
|b A87 1971
|
| 110 |
2 |
|
|a Association of Official Seed Certifying Agencies.
|
| 245 |
1 |
0 |
|a AOSCA certification handbook /
|c Association of Offical Seed Certifying Agencies.
|
| 264 |
|
1 |
|a [Place of publication not identified] :
|b Association of Official Seed Certifying Agencies,
|c 1971-
|
| 300 |
|
|
|a 1 volume (various pagings) ;
|c 28 cm.
|
| 336 |
|
|
|a text
|b txt
|2 rdacontent
|
| 337 |
|
|
|a unmediated
|b n
|2 rdamedia
|
| 338 |
|
|
|a volume
|b nc
|2 rdacarrier
|
| 490 |
0 |
|
|a Publication / Association of Official Seed Certifying Agencies ;
|v no. 23 (Supercedes publication no. 22)
|
| 500 |
|
|
|a Cover title.
|
| 500 |
|
|
|a Loose-leaf for updating.
|
| 500 |
|
|
|a "June 1971."
|
| 650 |
|
0 |
|a Seeds
|x Certification.
|
| 650 |
|
0 |
|a Field crops.
|
| 999 |
|
|
|a MARS
|
| 999 |
f |
f |
|s 2ebfbb8c-6f26-318a-9f46-be59af537ee2
|i ee6d0ee3-9b1a-35cb-89cd-13c14fba0418
|t 0
|
| 952 |
f |
f |
|p ric
|a Texas A&M University
|b Rellis Campus
|c Joint Library Facility
|d Remote Storage
|t 0
|e SB114.A1 A87 1971
|h Library of Congress classification
|i unmediated -- volume
|m A14812546912
|
| 998 |
f |
f |
|a SB114.A1 A87 1971
|t 0
|l Remote Storage
|